[Event "Istanbul Open 2018"]
[Site "Istanbul"]
[Date "2018.09.04"]
[Round "4"]
[White "Tirak, Mert"]
[Black "Kelpetin, Umut Can"]
[Result "1/2-1/2"]
[WhiteElo "1941"]
[BlackElo "1798"]
[Annotator "NA RC"]
[PlyCount "139"]
[EventDate "2018.09.02"]
[EventType "swiss"]
[EventCountry "TUR"]
[SourceTitle "playchess.com"]
[Source "ChessBase"]
[SourceQuality "1"]
[TimeControl "5400+30"]

{[%evp 8,137,-23,-22,-26,-13,0,-10,6,21,21,-14,-14,-16,17,-29,-32,-20,-22,-22,-9,-8,6,0,17,30,9,10,75,79,32767,32767,32767,32767,32767,50,65,47,32767,43,32767,32767,32767,44,32767,32767,32767,32767,32767,32767,32767,174,214,32767,32767,59,59,55,61,36,32767,16,25,22,36,22,40,16,54,22,38,20,37,32767,32767,32767,32767,32767,32767,10,32767,32767,32767,32767,32767,32767,32767,32767,32767,32767,32767,32767,32767,32767,32767,32767,32767,32767,32767,32767,580,324,197,32767,32767,32767,32767,32767,82,82,32767,141,82,32767,32767,32767,32767,64,53,48,32767,32767,32767,32767,32767,0,0,0,53,32767,32767,8]} 1. e4 {[%emt 0:00:30]} g6 {[%emt 0:03:30]} 2. d4 {[%emt 0:00:30]} Bg7 {[%emt 0:00:30]} 3. g3 {[%emt 0:00:30]} d5 {[%emt 0:03:30]} 4. e5 {[%emt 0:12:30]} c5 {[%emt 0:03:30]} 5. c3 {[%emt 0:02:30]} Nc6 {[%emt 0:01:30]} 6. Bg2 {[%emt 0:00:30]} cxd4 {[%emt 0:02:30]} 7. cxd4 {[%emt 0:00:00]} Nh6 {[%emt 0:06:30] B06: Modern Defence} 8. Nc3 {[%emt 0:00:00] LiveBook: 4 Games} Nf5 {[%emt 0:05:30]} 9. Nge2 {[%emt 0:02:30]} e6 {[%emt 0:00:30]} 10. O-O {[%emt 0:03:30]} b6 $146 {[%emt 0:15:00]} ({Predecessor:} 10... O-O 11. Be3 f6 12. exf6 Qxf6 13. Nb5 a6 14. Nc7 Ra7 15. Nf4 Qe7 16. Ncxd5 exd5 17. Nxd5 Qd8 18. Qd2 Nxe3 19. fxe3 {0-1 (40) McLaren,B (2222)-Chandler,M (2540) Auckland 2008}) 11. f4 {[%emt 0:08:30]} h5 {[%emt 0:00:30]} 12. b4 {[%emt 0:38:00]} Bd7 {[%emt 0:02:30]} 13. a3 {[%emt 0:02:30]} Rc8 {[%emt 0:01:30]} 14. Qd3 {[%emt 0:01:30]} Qc7 {[%emt 0:59:00]} 15. Bd2 {[%emt 0:03:30]} Qb7 {[%emt 0:02:30]} 16. h3 {[%emt 0:07:30]} a6 {[%emt 0:02:30]} 17. g4 {[%emt 0:04:30]} hxg4 {[%emt 0:01:30]} 18. hxg4 {[%emt 0:00:30]} Nh4 {[%emt 0:00:30]} 19. Bh1 {[%emt 0:01:30]} Na7 {[%emt 0:06:30]} 20. Rf2 {[%emt 0:03:30]} Nb5 {[%emt 0:01:30]} 21. Rh2 {[%emt 0:00:30]} (21. Nd1 $16) 21... Qc7 {[%emt 0:04:30]} 22. Qg3 {[%emt 0:06:30]} g5 {[%emt 0:02:38]} 23. fxg5 {[%emt 0:04:30]} Ng6 {[%emt 0:00:30]} 24. Rxh8+ {[%emt 0:00:30]} Bxh8 {[%emt 0:00:30]} 25. Rf1 {[%emt 1:19:30]} Nxc3 {[%emt 0:06:49]} 26. Nxc3 {[%emt 0:01:30]} Bb5 {[%emt 0:01:08]} 27. Nxb5 {[%emt 0:00:30]} axb5 {[%emt 0:00:02]} 28. Rc1 {[%emt 0:01:30]} Qd7 {[%emt 0:01:04]} 29. Rxc8+ {[%emt 0:08:50]} Qxc8 {[%emt 0:00:55]} 30. Qc3 {[%emt 1:33:15]} Qc4 {[%emt 1:39:28]} 31. Qxc4 {[%emt 1:34:46]} (31. Qe3 $16) 31... bxc4 {[%emt 0:00:29]} 32. b5 {[%emt 0:00:30]} Bg7 {[%emt 0:00:54]} 33. a4 {[%emt 0:02:30]} Bf8 {[%emt 0:01:33]} 34. Bf3 {[%emt 0:01:32]} Be7 {[%emt 0:00:51]} 35. Kf2 {[%emt 0:00:14]} Bd8 {[%emt 0:00:38]} 36. Bd1 {[%emt 0:00:15]} Kf8 {[%emt 0:03:01]} 37. Bc2 {[%emt 0:00:04]} Ne7 {[%emt 0:00:59]} 38. Bb4 {[%emt 0:00:11]} Ke8 {[%emt 0:00:26]} 39. Ke2 {[%emt 0:06:23]} Kd7 {[%emt 0:00:28]} 40. Bxe7 {[%emt 0:00:47]} Bxe7 {[%emt 0:00:24]} 41. g6 {[%emt 0:00:02]} fxg6 {[%emt 0:00:18]} 42. Bxg6 {[%emt 0:00:05]} Bb4 {[%emt 0:00:24]} 43. Bf7 {[%emt 0:01:32]} Bc3 {[%emt 0:00:52]} 44. Ke3 {[%emt 0:00:04]} Bb2 {[%emt 0:00:37]} 45. a5 {[%emt 0:01:15]} bxa5 {[%emt 0:00:32]} 46. b6 {[%emt 0:00:03]} Bc1+ {[%emt 0:00:15]} 47. Ke2 {[%emt 0:00:14]} Bb2 {[%emt 0:00:22]} 48. Bxe6+ {[%emt 0:00:28]} Kc6 {[%emt 0:00:15]} 49. Bxd5+ {[%emt 0:00:16]} Kxb6 {[%emt 0:00:07]} 50. Ke3 {[%emt 0:00:31]} Bc1+ {[%emt 0:00:33]} 51. Ke4 {[%emt 0:00:11]} c3 {[%emt 0:00:23]} 52. Kd3 {[%emt 0:00:16]} Bd2 {[%emt 0:00:51]} 53. Bb3 {[%emt 0:00:53]} Kb5 {[%emt 0:00:53]} 54. Bc4+ {[%emt 0:02:15]} Kc6 {[%emt 0:00:54]} 55. g5 {[%emt 0:00:44]} Bxg5 {[%emt 0:00:18]} 56. Kxc3 {[%emt 0:00:02]} Bf4 {[%emt 0:00:29]} 57. Kd3 {[%emt 0:00:15]} a4 {[%emt 0:00:38]} 58. Ke4 {[%emt 0:00:09]} Bg3 {[%emt 0:00:19]} 59. Ba2 {[%emt 0:00:36]} Bf2 {[%emt 0:00:32]} 60. d5+ {[%emt 0:00:21]} Kd7 {[%emt 0:00:22]} 61. Kf5 {[%emt 0:01:42]} Bd4 {[%emt 0:00:49]} 62. Bc4 {[%emt 0:01:05]} a3 $1 {[%emt 0:00:10]} 63. Ke4 {[%emt 0:00:17]} Bc5 {[%emt 0:00:17]} 64. Kf5 {[%emt 0:00:12]} Bd4 {[%emt 0:00:06]} 65. Kf6 {[%emt 0:00:11]} Bc3 $1 {[%emt 0:00:27]} 66. Bb5+ {[%emt 0:00:17]} (66. Bb3 $14) 66... Kd8 {[%emt 0:00:35]} 67. Bc4 $11 {[%emt 0:00:05]} Kd7 {[%emt 0:00:07]} 68. d6 {[%emt 0:00:16]} Bd4 {[%emt 0:00:30]} 69. Kf5 {[%emt 0:00:16]} Bc5 {[%emt 0:00:33]} 70. Ke4 {[%emt 0:00:38]} 1/2-1/2

[Event "Istanbul Open 2018"]
[Site "Istanbul"]
[Date "2018.09.04"]
[Round "4"]
[White "Aydin, Kaan Ayhan"]
[Black "Aliakbarov, Anar"]
[Result "1/2-1/2"]
[WhiteElo "1877"]
[BlackElo "2322"]
[Annotator "TA"]
[PlyCount "87"]
[EventDate "2018.09.02"]
[EventType "swiss"]
[EventCountry "TUR"]
[SourceTitle "playchess.com"]
[Source "ChessBase"]
[SourceQuality "1"]

{[%evp 31,87,0,0,-48,0,-11,-6,-7,-4,-32,0,-45,-31,-38,11,0,28,44,42,38,98,0,0,0,0,0,0,0,0,-63,-10,-10,-20,-123,-60,-116,-113,-113,-8,-8,0,0,0,0,0,-19,0,0,0,0,0,0,0,0,0,0,0,0]} 1. e4 e5 2. Nf3 Nc6 3. Bb5 a6 4. Ba4 Nf6 5. O-O Be7 6. Re1 b5 7. Bb3 d6 8. c3 O-O 9. h3 Na5 10. Bc2 c5 11. d4 Qc7 12. Nbd2 {[%cal Bb1d2,Bd2f1,Bf1e3][%mdl 32]} cxd4 13. cxd4 Bb7 14. Nf1 Rac8 15. Bd3 d5 16. dxe5 Nxe4 {LiveBook: 4 Partien} 17. Bf4 {C99: Spanische Partie (Tschigorin-System)} Qb6 18. Ne3 Nc4 19. Qe2 $146 ({Vorgänger:} 19. Re2 Rfd8 20. Nf5 Bc5 21. Qe1 f6 22. Rd1 Nxe5 23. Nxe5 fxe5 24. Bxe4 dxe4 {0-1 (35) Janev,E (2485)-Muratovic,A (2443) Sofia 2008}) 19... Bb4 20. Rf1 f5 21. Nh4 Nxe3 22. Bxe3 Bc5 23. Bxc5 Qxc5 {[#]} 24. Rac1 $1 {[%mdl 512]} Qe7 (24... Qxc1 25. Rxc1) 25. Nf3 d4 (25... Rce8 $14) 26. a4 (26. Rxc8 $1 $16 Rxc8 27. a4) 26... Ng5 $36 {[%mdl 2048] Schwarz drückt.} 27. Nxg5 $1 Rxc1 ({Viel schwächer wäre} 27... Qxg5 $6 28. f4 $16) 28. Rxc1 Qxg5 {[%csl Gb7][%cal Rg5g2]} 29. f4 $1 {[%cal Rf4g5]} Qxf4 30. Rc7 (30. Rf1 $11 Qg5 31. axb5 axb5 32. h4 (32. Bxb5 f4 $15)) 30... Be4 (30... Bd5 $15 31. Rc5 Be4) 31. axb5 axb5 32. Bxb5 {[#]} (32. Bxe4 $1 $11 fxe4 33. Qxb5) 32... Qxe5 (32... Kh8 $1 $17 33. Rc5 Ra8) 33. Rd7 {[#]} (33. Qc4+ $1 $15 Bd5 34. Qxd5+ Qxd5 35. Bc4) 33... Kh8 $1 $17 34. Qc4 d3 (34... Qg3 $17 {[%csl Ge4][%cal Rg3g2]} 35. Qe2 h6 36. Rxd4 Qe5) 35. Qd4 $1 $11 {[%cal Rd4e5] Die Stellung ist ausgeglichen.} Qg3 {[%csl Ge4][%cal Rg3g2]} 36. Qf2 Qxf2+ 37. Kxf2 {[%mdl 4096] Endspiel KTL-KTL} Rb8 {Droht stark ...g6.} 38. Bxd3 Rxb2+ 39. Ke3 {[%cal Rd7d8]} h5 {zielt auf ...Tb3 ab.} (39... g6 {seems wilder.} 40. Bxe4 fxe4 41. Rd2 Rxd2 42. Kxd2 Kg7) 40. Bxe4 fxe4 41. Rd2 Rb1 42. Kxe4 Rf1 43. Rd5 g6 44. Rd7 {Precision: Weiß = 37%, Schwarz = 38%.} 1/2-1/2

[Event "Istanbul Open 2018"]
[Site "Istanbul"]
[Date "2018.09.04"]
[Round "4"]
[White "Ozsakallioglu, Akin"]
[Black "Abishli, Oghuz"]
[Result "1/2-1/2"]
[WhiteElo "1861"]
[BlackElo "2099"]
[Annotator "NA RC"]
[PlyCount "104"]
[EventDate "2018.09.02"]
[EventType "swiss"]
[EventCountry "TUR"]
[SourceTitle "playchess.com"]
[Source "ChessBase"]
[SourceQuality "1"]
[TimeControl "5400+30"]

1. e4 {[%emt 0:00:30]} c5 {[%emt 0:00:30]} 2. Nf3 {[%emt 0:00:00]} g6 {[%emt 0:00:00]} 3. d4 {[%emt 0:00:00]} cxd4 {[%emt 0:00:00]} 4. Nxd4 {[%emt 0:00:00]} Bg7 {[%emt 0:00:30]} 5. c4 {[%emt 0:01:00]} Nc6 {[%emt 0:00:30]} 6. Be3 {[%emt 0:01:30]} Nf6 {[%emt 0:00:30]} 7. Nc3 {[%emt 0:00:00]} Ng4 {[%emt 0:01:30]} 8. Qxg4 {[%emt 0:00:00]} Nxd4 {[%emt 0:00:00]} 9. Qd1 {[%emt 0:00:00]} Ne6 {[%emt 0:01:00]} 10. Be2 {[%emt 0:03:00]} Bxc3+ {[%emt 0:03:30]} 11. bxc3 {[%emt 0:00:30] LiveBook: 8 Games} Qc7 {[%emt 0:00:30] B39: Sicilian: Maroczy Bind with 5...Bg7 and 7...Ng4} 12. O-O {[%emt 0:03:30]} b6 {[%emt 0:02:30]} 13. Bg4 $146 {[%emt 0:11:30]} ({Predecessor:} 13. f4 Bb7 14. f5 Nc5 15. Bd4 f6 16. Bf3 O-O-O 17. Qe2 d6 18. a4 a5 19. Rfb1 {0-1 (59) Slovak,K (2142)-Sousa,A (2411) Prague 2016}) 13... Qxc4 {[%emt 0:36:30]} 14. Bxe6 {[%emt 0:01:30]} Qxe6 {[%emt 0:00:30]} 15. Bd4 {[%emt 0:00:00]} O-O {[%emt 0:01:30]} 16. Re1 {[%emt 0:01:00]} f6 {[%emt 0:59:00]} 17. f4 {[%emt 0:00:30]} d6 {[%emt 0:01:30]} 18. Qb3 {[%emt 0:06:30]} Qf7 {[%emt 0:02:30]} 19. Qxf7+ {[%emt 0:01:30]} Kxf7 {[%emt 0:00:00]} 20. e5 {[%emt 0:00:00]} dxe5 {[%emt 0:00:30]} 21. fxe5 {[%emt 0:00:30]} f5 {[%emt 0:00:30]} 22. a4 {[%emt 0:00:30]} Be6 {[%emt 0:05:30]} 23. Reb1 {[%emt 0:01:30]} Bc4 {[%emt 0:00:30]} 24. Rb4 {[%emt 0:06:30]} Rfc8 {[%emt 0:01:30]} 25. Kf2 {[%emt 0:00:30]} Rc7 {[%emt 0:01:30]} 26. Ke3 {[%emt 0:02:30]} g5 {[%emt 0:08:30]} 27. Kf2 {[%emt 0:01:30]} f4 {[%emt 0:05:02]} 28. Re1 {[%emt 0:03:30]} e6 {[%emt 0:06:37]} 29. h4 {[%emt 0:01:30]} Kg6 {[%emt 0:00:13]} 30. hxg5 {[%emt 0:02:30]} Kxg5 {[%emt 0:00:05]} 31. Re4 {[%emt 0:00:30]} (31. g3 $17 {keeps fighting.}) 31... Rac8 {[%emt 0:01:59]} 32. g3 {[%emt 0:01:30]} fxg3+ {[%emt 0:00:57]} 33. Kxg3 {[%emt 0:00:00]} h5 {[%emt 0:00:47]} 34. Rf4 {[%emt 0:00:00]} Bd5 {[%emt 1:46:21]} 35. Rf6 {[%emt 1:04:30]} h4+ {[%emt 0:00:30]} 36. Kf2 {[%emt 0:00:30]} Rxc3 {[%emt 0:00:30]} 37. Bxc3 {[%emt 0:00:30]} Rxc3 {[%emt 0:00:30]} 38. Rf7 {[%emt 0:00:30]} h3 {[%emt 0:00:30]} 39. Rh7 {[%emt 0:00:30]} Rf3+ {[%emt 0:00:30]} 40. Kg1 {[%emt 0:00:30]} Re3 {[%emt 0:00:30]} 41. Rbh4 {[%emt 0:00:30]} Rxe5 {[%emt 0:00:30]} 42. R4h5+ {[%emt 0:00:30]} Kf4 {[%emt 0:00:30]} 43. Rf7+ {[%emt 0:00:30]} Rf5 {[%emt 0:00:34]} 44. Rhxf5+ {[%emt 0:00:30]} exf5 {[%emt 0:00:29]} 45. Rxa7 {[%emt 0:00:30]} Bg2 {[%emt 0:00:33]} 46. Kh2 {[%emt 0:00:30]} Kf3 {[%emt 0:00:30]} 47. Ra6 {[%emt 0:00:30]} f4 {[%emt 0:00:18]} 48. Rxb6 {[%emt 0:00:00]} Ke2 {[%emt 0:00:22]} 49. Rb2+ $18 {[%emt 0:00:00]} (49. a5 $142 Kd3 50. a6) 49... Ke1 {[%emt 0:00:23]} 50. Rb1+ {[%emt 0:00:30]} Ke2 {[%emt 0:00:05]} 51. Rb2+ {[%emt 0:00:30]} Ke1 {[%emt 0:00:04]} 52. Rb1+ {[%emt 0:00:30]} Ke2 {[%emt 0:00:39]} 1/2-1/2

[Event "Istanbul Open 2018"]
[Site "Istanbul"]
[Date "2018.09.04"]
[Round "4"]
[White "Mehrinejad, Mansour"]
[Black "Mustu, Hatice Asli"]
[Result "1-0"]
[WhiteElo "1839"]
[BlackElo "1502"]
[Annotator "NA RC"]
[PlyCount "107"]
[EventDate "2018.09.02"]
[EventType "swiss"]
[EventCountry "TUR"]
[SourceTitle "playchess.com"]
[Source "ChessBase"]
[SourceQuality "1"]
[TimeControl "5400+30"]

{[%evp 8,78,47,11,11,15,14,16,27,7,17,20,23,12,11,22,32767,32767,32767,16,34,32,29,56,58,59,81,68,101,97,121,58,58,65,86,77,86,0,10,13,3,8,168,35,145,146,162,167,210,167,160,151,149,147,159,18,141,32767,131,32767,199,32767,217,195,150,218,32767,147,131,164,114,32767,116]} 1. d4 {[%emt 0:00:30]} d5 {[%emt 0:00:30]} 2. Bg5 {[%emt 0:00:30]} Nf6 {[%emt 0:00:30]} 3. Nf3 {[%emt 0:00:30]} Bf5 {[%emt 0:00:30]} 4. e3 {[%emt 0:00:00]} h6 {[%emt 0:00:30] D03: 1 d4 d5 2 Nf3 Nf6 3 Bg5, including Torre Attack with early ...d5} 5. Bh4 {[%emt 0:01:00]} (5. Bxf6 $5 exf6 6. Bd3 $11) 5... e6 {[%emt 0:02:30]} 6. Bd3 {[%emt 0:00:30]} Bxd3 {[%emt 0:06:30]} 7. Qxd3 {[%emt 0:00:00]} c6 {[%emt 0:01:30]} 8. Nbd2 {[%emt 0:00:30]} Be7 {[%emt 0:02:30]} 9. O-O {[%emt 0:00:30]} O-O {[%emt 0:00:30]} 10. c4 {[%emt 0:01:30]} Nbd7 {[%emt 0:01:30]} 11. Rfd1 $146 {[%emt 0:07:30]} ({Predecessor:} 11. Rac1 a5 {½-½ (80) Harika,D (2507)-Muzychuk,M (2524) Khanty-Mansiysk 2014}) 11... Re8 {[%emt 0:01:30]} 12. a3 {[%emt 0:01:30]} Qc7 {[%emt 0:02:30]} 13. b4 {[%emt 0:01:30]} Rad8 {[%emt 0:01:30]} 14. Rac1 {[%emt 0:08:30]} Qb8 {[%emt 0:02:30]} 15. c5 {[%emt 0:00:30]} a6 {[%emt 0:01:30]} 16. Bg3 {[%emt 0:01:30]} Qc8 {[%emt 0:00:30]} 17. h3 {[%emt 0:00:30]} Nh5 {[%emt 0:02:30]} 18. Bh2 {[%emt 0:00:00]} g6 {[%emt 0:01:30]} 19. Ne5 {[%emt 0:04:30]} (19. a4 $16) 19... Nxe5 {[%emt 0:01:30]} 20. Bxe5 {[%emt 0:00:30]} Bf6 {[%emt 0:02:30]} 21. g4 {[%emt 0:07:30]} Bxe5 {[%emt 0:00:30]} 22. gxh5 {[%emt 0:00:30]} (22. dxe5 $16 Ng7 23. Qd4) 22... Bg7 {[%emt 0:00:30]} 23. hxg6 {[%emt 0:00:30]} fxg6 {[%emt 0:00:30]} 24. Qxg6 {[%emt 0:47:00]} Kh8 $2 {[%emt 0:00:30]} (24... e5 $1 $11 {and Black stays safe.}) 25. Qh5 {[%emt 0:08:30]} (25. f4 $18) 25... Rf8 {[%emt 0:42:30] [#]} (25... e5 $14) 26. f4 $1 {[%emt 0:00:30]} Rf5 {[%emt 0:00:30]} 27. Qh4 {[%emt 0:03:30]} Kh7 {[%emt 0:00:30]} (27... Rd7 $16) 28. Kh2 {[%emt 0:01:30]} Bf6 {[%emt 0:01:30]} 29. Qf2 {[%emt 0:03:30]} e5 {[%emt 0:02:30]} 30. dxe5 {[%emt 0:00:30]} Bxe5 {[%emt 0:00:30]} 31. Nf3 {[%emt 0:01:30]} (31. Rg1 $16) 31... Rh5 {[%emt 0:04:30]} (31... Rxf4 $1 $11 {remains equal.} 32. exf4 (32. Qc2+ Re4+ 33. Nxe5 Qc7 $17) 32... Bxf4+ 33. Kh1 Qxh3+ 34. Nh2 Bxh2 35. Qc2+ (35. Qxh2 Qf3+ 36. Qg2 Qh5+ 37. Qh2 Qf3+ 38. Qg2 Qh5+ 39. Qh2 Qf3+ $11) (35. Qf7+ Kh8 $11) 35... Kh8 36. Qc3+ (36. Qxh2 Qf3+ 37. Qg2 Qh5+ 38. Qh2 Qf3+ 39. Qg2 Qh5+ 40. Qh2 Qf3+ $11) 36... Qxc3 37. Rxc3 Bc7) 32. h4 {[%emt 0:07:30]} Bf6 {[%emt 0:02:30]} 33. Rg1 {[%emt 0:01:30]} Rf8 {[%emt 0:02:30]} (33... Re8 $16 {ist eine bessere Verteidigung.} 34. Qg2 Qf5) 34. Rg2 {[%emt 0:03:30]} Rg8 {[%emt 0:01:30]} (34... Qf5 $16 35. Qg3 Kh8) 35. Rcg1 {[%emt 0:02:30]} Rxg2+ {[%emt 0:01:30]} 36. Qxg2 {[%emt 0:02:30]} ({Don't do} 36. Kxg2 Qe6) 36... Qe8 {[%emt 0:01:30]} 37. Qg4 {[%emt 0:03:30]} Qf7 {[%emt 0:00:30]} 38. Rg2 {[%emt 0:00:30]} Bh8 {[%emt 0:00:30]} 39. Kg1 {[%emt 0:03:39]} Rf5 $16 {[%emt 0:01:30]} 40. Rf2 Qg6 41. Qxg6+ Kxg6 42. Kg2 Kf7 43. Kg3 Ke7 44. Kg4 Ke6 45. Re2 h5+ 46. Kg3 Rf8 47. Ng5+ Kf5 48. Kf3 Bf6 49. e4+ dxe4+ 50. Nxe4 Bxh4 51. Nd6+ {[%emt 1:46:50]} Kf6 {[%emt 1:28:30]} 52. Rh2 {[%emt 0:01:16]} Be1 {[%emt 0:00:30]} 53. Rh1 {[%emt 0:00:12]} Bxb4 {[%emt 0:00:30]} 54. axb4 {[%emt 0:00:13]} 1-0

[Event "Istanbul Open 2018"]
[Site "Istanbul"]
[Date "2018.09.04"]
[Round "4"]
[White "Gonullu, Muhammed Sinan"]
[Black "Makaraci, Tunahan"]
[Result "1/2-1/2"]
[WhiteElo "1816"]
[BlackElo "1946"]
[Annotator "NA RC"]
[PlyCount "45"]
[EventDate "2018.09.02"]
[EventType "swiss"]
[EventCountry "TUR"]
[SourceTitle "playchess.com"]
[Source "ChessBase"]
[SourceQuality "1"]
[TimeControl "5400+30"]

{[%evp 8,41,5,3,4,0,32767,32767,32767,32767,32767,32767,32767,32767,32767,32767,32767,32767,32767,-7,0,-9,0,-7,-5,0,0,0,0,0,0,32767,0,0,52,0]} 1. d4 {[%emt 0:00:30]} e6 {[%emt 0:05:30]} 2. Nf3 {[%emt 0:00:00]} d5 {[%emt 0:00:30]} 3. Bf4 {[%emt 0:00:00]} c5 {[%emt 0:00:00]} 4. c3 {[%emt 0:00:30]} Nc6 {[%emt 0:00:00]} 5. e3 {[%emt 0:00:00]} Nf6 {[%emt 0:01:30] LiveBook: 945 Games} 6. Nbd2 {[%emt 0:01:00]} Bd6 {[%emt 0:02:30]} 7. Bxd6 {[%emt 0:00:30]} Qxd6 {[%emt 0:00:30]} 8. Be2 {[%emt 0:00:30]} O-O {[%emt 0:00:30]} 9. O-O {[%emt 0:00:00]} e5 {[%emt 0:00:30]} 10. dxe5 {[%emt 0:00:00]} Nxe5 {[%emt 0:00:00]} 11. Nxe5 {[%emt 0:00:00]} Qxe5 {[%emt 0:00:00]} 12. Nf3 {[%emt 0:00:00] D02: Damenbauernspiele} Qc7 {[%emt 0:00:30]} 13. c4 {[%emt 0:00:30]} (13. Qc2 Bg4 14. Rad1 Rad8 15. h3 Bh5 16. Rfe1 h6 17. Nd2 Bxe2 18. Rxe2 Rd6 19. Ree1 Rfd8 20. Nf3 {½-½ (20) Abramovic,B (2412)-Todorovic,G (2461) Stari Banovci 2016}) 13... Be6 $146 {[%emt 0:01:30]} ({Vorgänger:} 13... dxc4 14. Bxc4 Bg4 15. Be2 Rfd8 16. Qc2 Qa5 17. a3 Rac8 18. Rfd1 h6 19. Rxd8+ Rxd8 {0-1 (48) Kuzmin,V (1797)-Surov,S (2287) Borisoglebsk 2012}) 14. cxd5 {[%emt 0:00:30]} Bxd5 {[%emt 0:00:30]} 15. Qc2 {[%emt 0:01:30]} Rfd8 {[%emt 0:06:30]} 16. Rac1 {[%emt 0:01:30]} Rac8 {[%emt 0:00:30]} 17. h3 {[%emt 0:12:30]} (17. a3 {[%emt 0:06:30]}) 17... Qa5 {[%emt 0:00:30]} 18. a3 {[%emt 0:01:30]} Qb6 {[%emt 0:00:30]} 19. Rfd1 {[%emt 0:00:30]} Qe6 {[%emt 0:00:30]} 20. Bc4 {[%emt 0:21:00]} h6 {[%emt 1:03:00]} 21. Bxd5 $11 {[%emt 0:00:30]} Rxd5 {[%emt 0:00:30]} 22. Rxd5 {[%emt 0:00:30]} Qxd5 {[%emt 0:00:30]} 23. Rd1 {[%emt 0:00:00]} (23. Nh4) 1/2-1/2

[Event "Istanbul Open 2018"]
[Site "Istanbul"]
[Date "2018.09.04"]
[Round "4"]
[White "Kavacik, Ahmet"]
[Black "Koc, Deniz"]
[Result "1-0"]
[WhiteElo "1800"]
[BlackElo "1540"]
[Annotator "NA RC"]
[PlyCount "109"]
[EventDate "2018.09.02"]
[EventType "swiss"]
[EventCountry "TUR"]
[SourceTitle "playchess.com"]
[Source "ChessBase"]
[SourceQuality "1"]
[TimeControl "5400+30"]

{[%evp 8,81,22,20,10,6,23,7,16,26,26,13,13,18,20,25,25,32767,32767,32767,43,15,44,28,27,13,33,12,56,52,32767,32767,32767,32767,180,196,180,202,186,164,145,148,190,202,187,186,197,200,32767,32767,32767,215,32767,32767,32767,32767,32767,32767,137,138,32767,32767,32767,32767,32767,32767,219,32767,32767,32767,231,242,357,416,178,243]} 1. Nf3 {[%emt 0:03:30]} Nf6 {[%emt 0:00:30]} 2. d4 {[%emt 0:01:30]} c5 {[%emt 0:00:30]} 3. e3 {[%emt 0:01:30]} d5 {[%emt 0:01:30]} 4. c4 {[%emt 0:01:30]} cxd4 {[%emt 0:02:30]} 5. exd4 {[%emt 0:00:00]} Nc6 {[%emt 0:01:30]} 6. Nc3 {[%emt 0:00:00]} e6 {[%emt 0:00:30]} 7. Bg5 {[%emt 0:00:30]} Be7 {[%emt 0:00:30]} 8. c5 {[%emt 0:01:30]} O-O {[%emt 0:00:30]} 9. Bb5 {[%emt 0:00:30]} h6 {[%emt 0:02:30] B14: Caro-Kann: Panov-Botvinnik Attack with 5...e6 and 5...g6} (9... Bd7 10. O-O b6 11. Bxc6 Bxc6 12. b4 bxc5 13. bxc5 Ne4 14. Bxe7 Qxe7 15. Qc2 f6 16. Rab1 Rab8 17. Rb3 Rxb3 18. Qxb3 Nxc3 19. Qxc3 {1-0 (43) Akobian,V (2647)-Tregubov,P (2575) Riadh 2017}) 10. Bh4 {[%emt 0:00:00] LiveBook: 4 Games} Bd7 {[%emt 0:02:30]} 11. O-O {[%emt 0:01:00]} b6 {[%emt 0:05:30]} 12. Bxc6 {[%emt 0:04:30]} Bxc6 {[%emt 0:00:30]} 13. b4 {[%emt 0:00:00]} bxc5 {[%emt 0:01:30]} 14. bxc5 {[%emt 0:00:00]} Nd7 $146 {[%emt 0:03:30]} ({Predecessor:} 14... Ne4 15. Bxe7 Qxe7 16. Qc2 f6 17. Rfe1 Rac8 {½-½ (36) Banas,J (2395)-Varga,Z (2250) Gyor 1990}) 15. Bxe7 {[%emt 0:05:30]} Qxe7 {[%emt 0:00:30]} 16. Qe2 {[%emt 0:02:30]} Rfe8 {[%emt 0:00:30]} 17. a4 {[%emt 0:00:30]} e5 {[%emt 0:07:30]} 18. Nb5 {[%emt 0:15:30]} exd4 {[%emt 0:03:30]} 19. Qxe7 {[%emt 0:00:30]} Rxe7 {[%emt 0:00:30]} 20. Nbxd4 {[%emt 0:00:30]} Rc8 {[%emt 0:01:30] [#]} (20... Nb8 $1 $14) 21. Nf5 $1 {[%emt 0:49:30]} Ree8 {[%emt 0:48:30]} 22. Nd6 $1 {[%emt 0:07:30]} Nxc5 {[%emt 0:00:00]} 23. Nxc8 {[%emt 0:06:30]} Rxc8 {[%emt 0:00:00]} 24. Rac1 {[%emt 0:03:30]} Nxa4 {[%emt 0:03:30]} (24... Bxa4 $16 {was worth a try.} 25. Rc3 Bb5) 25. Ne5 {[%emt 0:01:30]} Bb7 {[%emt 0:00:30]} 26. Rxc8+ {[%emt 0:00:30]} Bxc8 {[%emt 0:00:00]} 27. Ra1 {[%emt 0:01:30]} Nb2 {[%emt 0:00:00]} 28. Rxa7 {[%emt 0:00:00]} Be6 {[%emt 0:01:30]} 29. Ra8+ {[%emt 0:05:00]} Kh7 {[%emt 0:00:30]} 30. Ra2 {[%emt 0:00:30]} Nc4 {[%emt 0:00:30]} 31. Nxc4 {[%emt 0:00:00]} dxc4 {[%emt 0:00:00]} 32. Kf1 {[%emt 0:00:00]} Bf5 {[%emt 0:01:00]} 33. Ke2 {[%emt 0:02:30]} Bd3+ {[%emt 0:02:30]} 34. Kd2 {[%emt 0:00:30]} Bf1 {[%emt 0:00:30]} 35. g3 {[%emt 0:00:30]} Kg6 {[%emt 0:00:30]} 36. Ra5 {[%emt 0:00:30]} f5 {[%emt 0:02:30]} 37. Ra7 {[%emt 0:04:30]} Kf6 {[%emt 0:01:30]} 38. Ke3 {[%emt 0:01:30]} Bd3 {[%emt 0:00:30]} 39. Rc7 {[%emt 0:00:30]} g5 {[%emt 1:13:30]} 40. Rc6+ {[%emt 0:00:30]} Kg7 {[%emt 0:00:00]} 41. h4 $18 {[%emt 0:01:30]} gxh4 42. gxh4 Kh7 43. Kf4 Bb1 44. Ke5 Kg7 45. h5 Bd3 46. Rc7+ Kg8 47. f4 {[%emt 1:36:20]} Be2 {[%emt 1:36:40]} 48. Kxf5 {[%emt 0:00:30]} Bxh5 {[%emt 0:00:30]} 49. Rxc4 {[%emt 0:00:30]} Be2 {[%emt 0:00:46]} 50. Rc3 {[%emt 0:01:12]} h5 {[%emt 0:00:16]} 51. Kg6 {[%emt 0:00:15]} Kf8 {[%emt 0:00:11]} 52. Rc7 {[%emt 0:00:10]} Bd1 {[%emt 0:01:18]} 53. f5 {[%emt 0:02:14]} Bg4 {[%emt 0:00:18]} 54. f6 {[%emt 0:00:21]} h4 {[%emt 0:00:25]} 55. Kg5 {[%emt 0:00:28]} 1-0